Дискретная математика (Запись № 11039235)
[ простой вид ]
| 000 -МАРКЕР | |
|---|---|
| контрольное поле | 01948nam0a2200349 i 4500 |
| 001 - ИДЕНТИФИКАТОР ЗАПИСИ | |
| контрольное поле | RU\NLR\BIBL_A\011314434 |
| 005 - ИДЕНТИФИКАТОР ВЕРСИИ | |
| контрольное поле | 20260406052009.0 |
| 010 ## - МЕЖДУНАРОДНЫЙ СТАНДАРТНЫЙ НОМЕР КНИГИ (ISBN) | |
| Номер (ISBN) | 9785906818720 |
| Уточнения | Курс |
| 010 ## - МЕЖДУНАРОДНЫЙ СТАНДАРТНЫЙ НОМЕР КНИГИ (ISBN) | |
| Номер (ISBN) | 978-5-16-011887-1 |
| Уточнения | ИНФРА-М |
| Тираж | 500 |
| 021 ## - НОМЕР ГОСУДАРСТВЕННОЙ РЕГИСТРАЦИИ | |
| Код страны | Российская Федерация |
| Номер | 2016-100626 |
| Номер Листа государственной регистраци | 6697 |
| 035 ## - ДРУГИЕ СИСТЕМНЫЕ НОМЕРА | |
| Идентификатор записи | (NLR Aleph) 011314434 |
| 100 ## - ДАННЫЕ ОБЩЕЙ ОБРАБОТКИ | |
| Данные общей обработки | 20170123d2017 u y0rusy50 ca |
| 101 0# - ЯЗЫК РЕСУРСА | |
| Язык текста, звукозаписи и т.д. | русский |
| 102 ## - СТРАНА ПУБЛИКАЦИИ ИЛИ ПРОИЗВОДСТВА | |
| Страна публикации | Российская Федерация |
| 105 ## - ПОЛЕ КОДИРОВАННЫХ ДАННЫХ: ТЕКСТОВЫЕ МАТЕРИАЛЫ, МОНОГРАФИЧЕСКИЕ | |
| Кодированные данные о монографическом текстовом документе | z 000zy |
| 200 1# - ЗАГЛАВИЕ И СВЕДЕНИЯ ОБ ОТВЕТСТВЕННОСТИ | |
| Основное заглавие | Дискретная математика |
| Сведения, относящиеся к заглавию | сборник задач |
| -- | учебник |
| -- | [по специальностям 09.02.01 "Компьютерные системы и комплексы", 09.02.05 "Прикладная информатика (по отраслям)", 09.03.03 "Прикладная информатика"] |
| Первые сведения об ответственности | А.И. Гусева, В.С. Киреев, А.Н. Тихомирова |
| Последующие сведения об ответственности | [Курс] |
| 210 ## - ПУБЛИКАЦИЯ, РАСПРОСТРАНЕНИЕ И ДР. | |
| Место издания, распространения и т.д. | Москва |
| Имя издателя, распространителя и т. д. | Курс |
| -- | Инфра-М |
| Дата издания, распространения и т.д. | 2017 |
| -- | [т.е. 2016] |
| 215 ## - ФИЗИЧЕСКАЯ ХАРАКТЕРИСТИКА | |
| Специфическое обозначение материала и объем | 223 с. |
| Другие сведения о физической характеристике | ил. |
| Размеры | 22 |
| 225 1# - СЕРИЯ | |
| Основное заглавие серии | Среднее профессиональное образование |
| 300 ## - ОБЩИЕ ПРИМЕЧАНИЯ | |
| Текст примечания | На 4-й с. обл. авт.: Гусева А.М., д.т.н., проф., В.С. Киреев, А.Н. Тихомирова, кандидаты техн. наук, доценты |
| 300 ## - ОБЩИЕ ПРИМЕЧАНИЯ | |
| Текст примечания | Кн. фактически изд. в 2016 г. |
| 320 ## - ПРИМЕЧАНИЯ О НАЛИЧИИ В ДОКУМЕНТЕ БИБЛИОГРАФИИ / УКАЗАТЕЛЯ | |
| Текст примечания | Библиогр.: с. 221 (16 назв.) |
| 606 1# - НАИМЕНОВАНИЕ ТЕМЫ КАК ПРЕДМЕТ | |
| Наименование темы | Дискретная математика |
| Формальный подзаголовок | Задачники |
| Системный номер авторитетной/нормативной записи | 980777 |
| Идентификатор авторитетной/нормативной записи | RU\NLR\AUTH\66369221 |
| 686 1# - ИНДЕКСЫ ДРУГИХ КЛАССИФИКАЦИЙ | |
| Индекс | В151.3я723-4 |
| 700 #1 - ИМЯ ЛИЦА - ПЕРВИЧНАЯ ОТВЕТСТВЕННОСТЬ | |
| Графика поля | Кириллица |
| Материалы, к которым относится поле | rus |
| Начальный элемент ввода | Гусева |
| Часть имени, кроме начального элемента ввода | А. И. |
| Дополнения к именам, кроме дат | д-р техн. наук |
| Расширение инициалов личного имени | Анна Ивановна |
| Системный номер авторитетной/нормативной записи | 117047 |
| Идентификатор авторитетной/нормативной записи | RU\NLR\AUTH\777108 |
| 701 #1 - ИМЯ ЛИЦА - АЛЬТЕРНАТИВНАЯ ОТВЕТСТВЕННОСТЬ | |
| Начальный элемент ввода | Киреев |
| Часть имени, кроме начального элемента ввода | В. С. |
| Расширение инициалов личного имени | Василий Сергеевич |
| 701 #1 - ИМЯ ЛИЦА - АЛЬТЕРНАТИВНАЯ ОТВЕТСТВЕННОСТЬ | |
| Графика поля | Кириллица |
| Материалы, к которым относится поле | rus |
| Начальный элемент ввода | Тихомирова |
| Часть имени, кроме начального элемента ввода | А. Н. |
| Дополнения к именам, кроме дат | канд. техн. наук |
| Расширение инициалов личного имени | Анна Николаевна |
| Системный номер авторитетной/нормативной записи | 72245 |
| Идентификатор авторитетной/нормативной записи | RU\NLR\AUTH\7789317 |
| 942 ## - ДОПОЛНИТЕЛЬНЫЕ ЭЛЕМЕНТЫ ЗАПИСИ (АБИС) | |
| Тип экземпляра АБИС | Книга |
| 980 ## - КОЛЛЕКЦИЯ | |
| Название коллекции | НБР |
Нет доступных экземпляров.